Tan cerca de la vida / (Registro nro. 10800)
[ vista simple ]
| 000 -LIDER | |
|---|---|
| fixed length control field | 00762nam a22002537a 4500 |
| 001 - NÚMERO DE CONTROL | |
| Identificador de número de control | 000381 |
| 003 - IDENTIFICACDOR DE NÚMERO DE CONTROL | |
| control field | DO-SdBNP |
| 005 - DATE AND TIME OF LATEST TRANSACTION | |
| control field | 20171122083848.0 |
| 007 - CAMPOS FIJOS DE DESCRIPCIÓN FÍSICA | |
| fixed length control field | 000381 |
| 008 - ELEMENTOS DE LONGITUD FIJA | |
| fixed length control field | 160708b 2010 mx ||||| |||| 00| 0 spa d |
| 020 ## - ISBN | |
| International Standard Book Number | 9786071107350 |
| 040 ## - FUENTE DE CATALOGACIÓN | |
| Agencia que crea de manera original el registro | BPMSU |
| Idioma de catalogación | spa |
| Agencia que realiza la transcripción | BPMSU |
| 082 #4 - NÚMERO DE CLASIFICACIÓN DECIMAL DE DEWEY | |
| Classification number | Pe863.5 |
| Item number | R769t |
| 100 1# - ASIENTO PRINCIPAL -- NOMBRE PERSONAL | |
| Nombre personal | Roncagliolo, Santiago, |
| Fechas asociadas con el nombre | 1975- |
| 245 10 - MENCIÓN DE TITULO | |
| Título | Tan cerca de la vida / |
| Mención de responsabilidad | Santiago Roncagliolo. |
| 260 ## - PUBLICACIÓN, DISTRIBUCIÓN, ETC. (PIE DE IMPRENTA) | |
| Lugar de publicación, distribución, etc | Madrid : |
| Nombre del editor, distribuidor, etc. | Alfaguara, |
| Fecha de publicación, distribución, etc | 2010. |
| 300 ## - DESCRIPCIÓN FÍSICA | |
| Extensión | 328 p. ; |
| Dimensiones | 24 cm. |
| 500 ## - NOTA GENERAL | |
| Nota general | Incluye datos biográficos de la autor en la solapa de la cubierta. |
| 650 #4 - ENCABEZAMIENTO DE MATERIA--TEMÁTICO | |
| Término temático o nombre geográfico como elemento de entrada | NOVELA PERUANA |
| 650 #4 - ENCABEZAMIENTO DE MATERIA--TEMÁTICO | |
| Término temático o nombre geográfico como elemento de entrada | LITERATURA PERUANA |
| 942 ## - ADDED ENTRY ELEMENTS (KOHA) | |
| Source of classification or shelving scheme | Dewey Decimal Classification |
| Koha item type | Libros |
| 945 ## - INFORMACIÓN DE PROCESAMIENTO LOCAL | |
| Información de procesamiento local | Invetariado extranjero / 2017 VM |
| 956 ## - LOCAL ELECTRONIC LOCATION AND ACCESS (OCLC) | |
| Método de acceso | LOPEREZ |
| Materiales especificados | 10 |
| Enlace | 20160708 |
| Campo enlazado y núm. de secuencia | BPMSU |
| Nombre de host | 00041 |
| Withdrawn status | Lost status | Source of classification or shelving scheme | Damaged status | Not for loan | Collection code | Home library | Current library | Date acquired | Source of acquisition | Total Checkouts | Full call number | Barcode | Date last seen | Price effective from | Koha item type | Copy number |
|---|---|---|---|---|---|---|---|---|---|---|---|---|---|---|---|---|
| Dewey Decimal Classification | Colección General | Biblioteca Pública Metropolitana Salomé Ureña | Biblioteca Pública Metropolitana Salomé Ureña | 07/08/2016 | Alfaguara | Pe863.5 R769t | BPMSU16070317 | 07/08/2016 | 07/08/2016 | Libros | ||||||
| Dewey Decimal Classification | Colección General | Biblioteca Pública Metropolitana Salomé Ureña | Biblioteca Pública Metropolitana Salomé Ureña | 07/08/2016 | Alfaguara | Pe863.5 R769t | BPMSU16070318 | 07/08/2016 | 07/08/2016 | Libros | e. 2 | |||||
| Dewey Decimal Classification | Colección General | Biblioteca Pública Metropolitana Salomé Ureña | Biblioteca Pública Metropolitana Salomé Ureña | 07/08/2016 | Alfaguara | Pe863.5 R769t | BPMSU16070319 | 07/08/2016 | 07/08/2016 | Libros | e. 3 |